| 000 | 00759 a2200193 4500 | ||
|---|---|---|---|
| 003 | NUST | ||
| 005 | 20221117141650.0 | ||
| 010 | _a6811088 | ||
| 040 | _cNust | ||
| 082 | _a515,MCL | ||
| 100 |
_aMclachlan, E.K. _9102909 |
||
| 245 |
_aCalculus of serveral variables / _cMcLachlan, E. K. |
||
| 260 |
_aCalifornia _bBrooks/Cole _c1968 |
||
| 300 | _a384 p.: | ||
| 505 | _aPreliminaries (Page-1), Topology on Euclidean (Page-39), Differential Calculus of Functions of Several Variables (Page-71), Applications of Differential Calculus (Page-139), Integral Calculus of Functions of Several Variables (Page-207), Differential and Integral Calculus of Vector Fields (Page-291). | ||
| 600 |
_aMclachlan _9102910 |
||
| 650 | _aCalculus | ||
| 942 |
_2ddc _cBK _k515,MCL |
||
| 999 |
_c181228 _d181228 |
||